000 00606nam a2200205 a 4500
001 BRCA_1115
005 20190320203303.0
008 931119s1993 mx-a---##b---#000-0#spa-#
020 _a9686795014
040 _aDLC
_cDLC
050 4 _aNA753
_b.M36 1993
100 1 _aManrique, Jorge Alberto
_92318
245 1 0 _aManierismo en México
_cJorge Alberto Manrique
260 _aMéxico
_bTextos Dispersos Ediciones
_c1993
300 _a61 p.
_bil.
_c21 cm.
650 1 4 _aManierismo (Arquitectura)
_zMéxico
_93680
650 1 4 _aArquitectura
_zMéxico
_9596
650 1 4 _aCatedrales
_zMéxico
_93681
942 _2lcc
_cB
999 _c994
_d994